'Free countries' - Freedom House - Statistics

General Stats
  • This quiz has been taken 14 times
  • The average score is 47 of 86
Answer Stats
Total score Country % Correct
82 Poland
100%
89 France
92%
95 Germany
92%
96 Japan
92%
99 Norway
92%
97 Canada
85%
97 Denmark
85%
100 Finland
85%
96 Portugal
85%
90 Spain
85%
99 Sweden
85%
92 United Kingdom
85%
84 United States
85%
85 Argentina
77%
95 Australia
77%
96 Belgium
77%
96 Estonia
77%
85 Greece
77%
95 Iceland
77%
89 Italy
77%
89 Latvia
77%
89 Lithuania
77%
97 Netherlands
77%
81 South Korea
77%
72 Brazil
69%
82 Croatia
69%
97 Ireland
69%
90 Liechtenstein
69%
97 Luxembourg
69%
83 Panama
69%
96 Slovenia
69%
81 South Africa
69%
96 Switzerland
69%
96 Uruguay
69%
93 Andorra
62%
93 Austria
62%
75 Botswana
62%
77 Bulgaria
62%
95 Chile
62%
70 Colombia
62%
91 Costa Rica
62%
95 Czechia
62%
82 Monaco
62%
99 New Zealand
62%
82 Romania
62%
97 San Marino
62%
91 Cyprus
54%
73 Israel
54%
87 Malta
54%
73 Namibia
54%
89 Slovakia
54%
94 Taiwan
54%
80 Ghana
38%
74 Guyana
38%
80 Jamaica
38%
86 Mauritius
38%
75 Nauru
38%
89 Saint Kitts and Nevis
38%
91 Saint Lucia
38%
84 Samoa
38%
84 Sao Tome and Principe
38%
69 Senegal
38%
75 Solomon Islands
38%
80 Tonga
38%
92 Dominica
31%
72 East Timor
31%
93 Marshall Islands
31%
92 Palau
31%
80 Suriname
31%
82 Trinidad and Tobago
31%
93 Tuvalu
31%
82 Vanuatu
31%
90 Bahamas
23%
94 Barbados
23%
89 Grenada
23%
89 Kiribati
23%
66 Lesotho
23%
80 Seychelles
23%
83 Antigua and Barbuda
15%
88 Belize
15%
92 Micronesia
15%
84 Mongolia
15%
68 Bhutan
8%
92 Cabo Verde
8%
76* Northern Cyprus
0%
90 Saint Vincent and Grenadines
0%
No matching quizzes found
Score Distribution
Percent of People with Each Score
Percentile by Number Answered
Your Score History
You have not taken this quiz